00299nam a22001217a 4500003000400000008004100004100003000045245003400075250000900109260003900118300000800157650001200165OSt250502b |||||||| |||| 00| 0 eng d aVARANI,Acharya Bhadarkaam aVivah Sanskar Vidhi Or Rahsya aREP. aNew DelhibVed Parchar Nidhic2011 a176 aGeneral